El desarrollo estabilizador : reflexiones sobre una época /
Testimonio personal de Antonio Ortiz Mena, quien durante doce años rigiera el destino económico de México, como Secretario de Hacienda. Fue en este período cuando el país vivió un proceso de modernización, así como de estabilidad económica.
Salvato in:
| Autore principale: | |
|---|---|
| Natura: | Libro |
| Lingua: | spagnolo |
| Pubblicazione: |
México :
El Colegio de México : Fideicomiso Historia de las Américas : Fondo de Cultura Económica,
1998, c1998
|
| Serie: | (Sección de Obras de Historia. Hacienda)
|
| Soggetti: | |
| Tags: |
Nessun Tag, puoi essere il primo ad aggiungerne!!
|
MARC
| LEADER | 00000nam^a2200000^a^4500 | ||
|---|---|---|---|
| 001 | 000104718 | ||
| 005 | 20250521000000.0 | ||
| 009 | 20260526122213.958 | ||
| 020 | |a 968-16-5431-5 | ||
| 037 | |a Acervo ITESO - Biblioteca | ||
| 041 | |a ESP | ||
| 082 | |a 320. 972063 |b ORT | ||
| 100 | |a Ortiz Mena, Antonio |e (autor) | ||
| 245 | 1 | 3 | |a El desarrollo estabilizador : |b reflexiones sobre una época / |c A. Ortiz Mena. |
| 264 | 4 | |a México : |b El Colegio de México : |b Fideicomiso Historia de las Américas : |b Fondo de Cultura Económica, |c 1998, c1998 | |
| 300 | |a 408 p. | ||
| 336 | |a texto |b txt |2 rdacontenido | ||
| 337 | |a sin mediación |b n |2 rdamedio | ||
| 338 | |a volumen |b nc |2 rdasoporte | ||
| 440 | 1 | |a (Sección de Obras de Historia. |p Hacienda) | |
| 520 | |a Testimonio personal de Antonio Ortiz Mena, quien durante doce años rigiera el destino económico de México, como Secretario de Hacienda. Fue en este período cuando el país vivió un proceso de modernización, así como de estabilidad económica. | ||
| 649 | |a XX | ||
| 650 | |a Desarrollo Económico-Social - |z México | ||
| 650 | |a Estabilidad Económica - |z México - |x Tema Principal | ||
| 650 | |a Finanzas Públicas - |z México - |x Historia - |y 1958-1964 - |x Tema Principal | ||
| 650 | |a Finanzas Públicas - |z México - |x Historia - |y 1964-1970 - |x Tema Principal | ||
| 650 | |a Administración Pública - |z México - |x Historia - |y 1964-1970 | ||
| 650 | |a Política Económica - |z México - |x Historia - |y 1958-1964 | ||
| 650 | |a Política Económica - |z México - |x Historia - |y 1964-1970 | ||
| 650 | |a Administración Pública - |z México - |x Historia - |y 1958-1964 | ||
| 650 | |a Economía - |z México - |x Historia - |y 1958-1964 | ||
| 650 | |a Economía - |z México - |x Historia - |y 1964-1970 | ||
| 650 | |a Economía - |z México - |x Historia - |y Siglo XX | ||
| 650 | |a México - |x Condiciones Económicas | ||
| 910 | |a Fondo General | ||
| 920 | |a Impresos - Libros | ||
| 930 | |a Colección General | ||
| 905 | |a 101 | ||
| 901 | |a 0500040678 |b IT1 |c ACC |u 20250521 | ||
| 902 | |a https://opac.biblio.iteso.mx/vufind/Record/000104718 | ||